Vista normal Vista MARC

Entrada Materia (corporativa)

Número de registros utilizados en: 14

001 - CONTROL NUMBER

  • control field: 113457

003 - CONTROL NUMBER IDENTIFIER

  • control field: Co-BoUCM

005 - DATE AND TIME OF LATEST TRANSACTION

  • control field: 20211015103357.0

008 - FIXED-LENGTH DATA ELEMENTS

  • fixed length control field: 211015|| aca||aabn | a|a d

040 ## - CATALOGING SOURCE

  • Original cataloging agency: Co-BoUCM
  • Transcribing agency: Co-BoUCM

110 ## - HEADING--CORPORATE NAME

  • Corporate name or jurisdiction name as entry element: Centro de Estudios Monetarios Latinoamericanos. CEMLA

670 ## - SOURCE DATA FOUND

  • Source citation: Work cat.: (Co-BoUCM)10296: Grunwald, Joseph 1920- 113455, La integración económica latinoamericana y la política de Estados Unidos, 1973